| 000 | 01894cam a22004331i 4500 | ||
|---|---|---|---|
| 003 | SA-RiAUC | ||
| 005 | 20250513085259.0 | ||
| 008 | 250513s2004 sy a g b 00010 ara c | ||
| 020 | _a1592393438 | ||
| 020 | _z8343592391 | ||
| 040 |
_aSA-JeALM _bara _cSA-RiAUC _erda |
||
| 041 | 0 |
_aara _bara _beng |
|
| 050 | 1 | 4 | _b. S84 2004 |
| 050 | 4 | _b.A28 2004 | |
| 050 | 4 | _b.A28 | |
| 072 | 7 | _a019 | |
| 082 | 0 | 4 |
_a219.1 _qSA-RiAUC |
| 090 |
_a219.1 _b ا ب و س |
||
| 100 | 1 |
_aأبو سليمان، عبد الحميد أحمد، _d1355-1443 هجري _eمؤلف. |
|
| 245 | 1 | 0 |
_aأزمة الإرادة والوجدان المسلم : _bالبعد الغائب في مشروع إصلاح الأمة في إصلاح الثقافة والتربية : رؤية إسلامية معاصرة / _cعبد الحميد أحمد أبو سليمان. |
| 250 | _aالطبعة الأولى. | ||
| 264 | 1 |
_aدمشق : _bدار الفكر، _c2004 |
|
| 300 |
_a336 صفحة : _bإيضاحيات ؛ _c24 سم |
||
| 336 |
_aنص _btxt _2rdacontent _3كتاب |
||
| 337 |
_aبدون وسيط _bn _2rdamedia |
||
| 338 |
_aمجلد _bnc _2rdacarrier |
||
| 500 | _aإهداء من المؤلف عبد الحميد أحمد أبو سليمان. | ||
| 504 | _aيشتمل على إرجاعات ببليوجرافية. | ||
| 546 | _aيشتمل على مستخلص باللغتين العربية والإنجليزية. | ||
| 590 | _aمحمد. | ||
| 650 | 7 |
_aالإسلام والإصلاح الاجتماعي _2aucsh |
|
| 650 | 7 |
_aالإسلام والإصلاح السياسي _2aucsh |
|
| 650 | 7 |
_aالإسلام والمجتمع _2aucsh |
|
| 650 | 7 |
_aالشخصية الإسلامية _2aucsh |
|
| 650 | 7 |
_aالإسلام والثقافة _2aucsh |
|
| 650 | 7 |
_aالتربية الإسلامية _2aucsh |
|
| 942 |
_2ddc _cBOOK _n0 |
||
| 949 |
_aSA-JeALM _d250513 _umohamedma123 _n1 |
||
| 999 |
_c7880 _d7880 |
||